000 00866nam a22002897a 4500
003 CHAP
005 20220329133201.0
008 971013s1990 r 00010 d
010 _a3097
011 _a4069
035 _a3270
040 _cCHAP
082 _a342.72
_bM48
110 _aMéxico (Edo.). Leyes, decretos, etc.
_9175392
245 _aLey orgánica municipal
260 _aToluca, Méx. :
_bComisión Estatal Electoral,
_c1990
300 _app. 53-91
500 _aD48-155
501 _aEnc. con otros impresos similares
590 _aBATCH-UPD
_b10
_c20130410
_lUCH01
_h1332
590 _aBATCH-UPD
_b10
_c20130914
_lUCH01
_h1718
590 _aCONVERSION
_b10
_c20130109
_lUCH01
_h1303
650 1 4 _aLegislación administrativa
_xMéxico (Edo.)
_965654
901 _aBK
942 _cLIBRO
949 _a342.72 M48
_bBC
_cC
_d-12782
_eC
_h81316
_i3270
_mD
_si
999 _c3097
_d3097